000
00290nam a22001217a 4500
008
180517b xxu||||| |||| 00| 0 eng d
041
_a
eng
080
_a
043.3
100
_a
0
101
_a
MBE-BA
245
_a
Diferencat Kryesore ne mes te US GAAP dhe IFRS
_c
Merovci, Q
942
_2
udc
_c
BK
999
_c
45906
_d
45906